00329nam a2200133Ia 450000500170000000800410001702000180005808200130007610000200008924500180010926000450012730000130017265000100018520250319215822.0240331s9999 xx 000 0 und d a9789380240367 a894bPER aPerumaalmurugan 0aMaatorupaakan aNegarcoilbKalaichuvadu Padippagamc2010 a192 p ., aNovel